La reclamacin̤ por vicios o defectos constructivos A la luz de la jurisprudencia del Tribunal Supremo /

Detalles Bibliográficos
Autor principal: de Aguilar Gualda, Salud
Formato: eBook
Lenguaje:español
Publicado: Barcelona: J.M. Bosch Editor, 2019
Materias:
Acceso en línea:Acceso restringido

MARC

LEADER 00000nam a22000007a 4500
005 20190911224618.0
007 cr|||| ||||
008 190911s2019 es |||||s|||| 00||0 spa d
020 |a 978-84-120243-4-0 
035 |a 24834 
040 |a vLex 
090 |c 9483  |d 9483 
100 1 |a de Aguilar Gualda, Salud 
245 1 2 |a La reclamacin̤ por vicios o defectos constructivos  |h [Recurso electrn̤ico] :  |b A la luz de la jurisprudencia del Tribunal Supremo /  |c Salud de Aguilar Gualda 
256 |a Servicio en ln̕ea 
260 |a Barcelona:  |b J.M. Bosch Editor,  |c 2019 
300 |a 1 recurso electrn̤ico 
500 |a Ante la notable cantidad de reclamaciones por vicios o defectos constructivos que en nuestros jugados se producen habitualmente, este libro resulta de gran ayuda para conocer detalladamente el tipo de acciones que se pueden ejercitar, en funcin̤ de los plazos y del tipo de vicios o defectos que se hayan producido. Adems̀ conoceremos con exactitud la responsabilidad de todos los agentes de la edificacin̤, la intervencin̤ procesal de terceros en el procedimiento, y en especial un tema de rabiosa actualidad, esto es, la legitimacin̤ activa del presidente de la comunidad de propietarios para actuar en nombre de los comuneros. Asunto este que ha generado numerosas sentencias contradictorias de varias Audiencias Provinciales y que finalmente ha sido zanjado por el Tribunal Supremo. 
506 1 |a Disponible solo en los productos indicados  |d vLex Global  |d vLex Global (Academic Edition, excluding Law Schools)  |d vLex Global (U.S. Academic Edition, Law Schools)  |d vLex Global (U.S. Academic Edition, excluding Law Schools)  |d vLex Global (Academic Edition, Law Schools) 
650 0 4 |a Derecho Civil  |z Espaą 
740 0 |a vLex Libros (Servicio en ln̕ea) 
856 4 0 |u http://vlex.com/source/reclamacion-por-vicios-o-defectos-constructivos-a-la-luz-de-la-jurisprudencia-del-tribunal-supremo-24834  |z Acceso restringido 
942 |c BOOK 
999 0 |a Civil Law